书目信息 |
| 题名: |
电气设备选择.施工安装.设计应用手册(下册)
|
|
| 作者: | 刘宝林 著 | |
| 分册: | ||
| 出版信息: | 北京 中国水利水电出版社 1998.10 |
|
| 页数: | 2册 | |
| 开本: | 32开 | |
| 丛书名: | ||
| 单 册: | ||
| 中图分类: | TU855-62 | |
| 科图分类: | ||
| 主题词: | 房屋建筑设备:机电设备 | |
| 电子资源: | ||
| ISBN: | 7-80124-576-8 | |
| 000 | 00637nam0 2200193 45 | |
| 001 | 0005231126 | |
| 005 | 20001214170600.0 | |
| 010 | @a7-80124-576-8@d145.00元 | |
| 100 | @a20000523d1998 km y0chiy0120 ea | |
| 101 | @achi | |
| 105 | @a z 000yy | |
| 200 | 1 | @a电气设备选择.施工安装.设计应用手册(下册)@ADian Qi She Bei Xuan Ze.Shi Gong An Zhuang.She Ji Ying YongShou Ce(Xia Ce)@f刘宝林著@FLiu Bao Lin Zhu |
| 210 | @a北京@c中国水利水电出版社@d1998.10 | |
| 215 | @a2册@d32开 | |
| 606 | 0 | @a房屋建筑设备:机电设备 |
| 690 | @aTU855-62@v3 | |
| 701 | @a刘宝林@4著 | |
| 801 | @aCN@bPftUser@c20000523 | |
| 905 | @dTU855-62@eL443:2@b313409@f1 | |
| 电气设备选择.施工安装.设计应用手册(下册)/刘宝林著.-北京:中国水利水电出版社,1998.10 |
| 2册;32开 |
| ISBN 7-80124-576-8:145.00元 |
| ● |
| 相关链接 |
|
|
|
正题名:电气设备选择·施工安装·设计应用手册(下
索取号:TU855-62/L443:2
 
预约/预借
| 序号 | 登录号 | 条形码 | 馆藏地/架位号 | 状态 | 备注 |
| 1 | 313409 | 203134090 | 建筑库201/201建筑库 55排4列4层/ [索取号:TU855-62/L443:2] | 在馆 |